| 000 | 01318nam a22002657a 4500 | ||
|---|---|---|---|
| 999 |
_c11296 _d11296 |
||
| 003 | AR-CdUCM | ||
| 008 | 190403b ||||| |||| 00| 0 spa d | ||
| 040 |
_aMUNICIPALIDAD PROVINCIAL DEL CUSCO _cBIBLIOTECA MUNICIPAL DEL CUSCO |
||
| 082 |
_a869.51 / _bC46P / 1938 |
||
| 100 |
_aCenteno de Osma, Gabriel _928597 |
||
| 245 |
_aEl pobre más rico : _bComedia Quechua del siglo XVI / |
||
| 260 |
_aLima : _bLumen, _c1938. |
||
| 300 |
_a172 páginas ; _bláminas, _c25 cm. |
||
| 440 |
_aMonumenta Linguae Incaicae. _n2 _928598 |
||
| 500 |
_a"Reproducción facsimilar del manuscrito de la comedia El pobre más rico conservado en la Universidad Mayor de San Marcos". _a"Texto quechua y traducción castellana con reproducción facsimilar del manuscrito"--Cubierta. _aAntes del título: "Instituto Superior de Lingüística y Filosofía de la Universidad Mayor de San Marcos"--Cubierta. |
||
| 650 |
_aTeatro peruano (Indígena) _923652 |
||
| 650 |
_aTeatro histórico peruano _93120 |
||
| 650 |
_aTeatro quechua _912176 |
||
| 650 |
_aÉpoca Prehispánica _92714 |
||
| 700 |
_aSuárez Alvarez, Humberto _928599 |
||
| 700 |
_aFarfán, M. B. (traductores) _928600 |
||
| 710 |
_aInstituto Superior de Lingüística y Filología de la Universidad Nacional Mayor de San Marcos . _928601 |
||
| 942 |
_2ddc _cLIBROS |
||
| 945 | _aachl | ||